000 00824nam a22002777a 4500
001 BR8204200
003 BR-BrBNA
005 20230928091412.0
007 ta
008 230509b bl.||||| |||| 00| 0 por d
040 _aBR-BrBNA
_bpor
_cBiblioteca Nacional de Agricultura
041 _a(Por)
072 _aE15; N20
_b/G514
090 _ E15 BR8204200
100 1 _aBarros, W.A. de O.
110 1 _aServico Nacional de Formacao Profissional Rural, Brasilia, DF (Brasil)
_99371
245 1 _aMao-de-obra qualificada, fator decisivo para a adocao de tecnicas agricolas [Brasil]
260 3 _aBrasilia, DF (Brasil):
_c1982.
300 _a25 p.
650 _aMAO-DE-OBRA
650 _aTECNOLOGIA AGRICOLA
650 _aMECANIZACAO
650 _aTREINAMENTO
909 _a202309
_bLucia
_c55
_dLucia Elande
942 _cBK
999 _c33716
_d33716